Statistics for Countries with Bulgarian embassies

Click here to take the quiz!

General Stats

  • This quiz has been taken 136 times
  • The average score is 58 of 76

Answer Stats

ContinentCountry% Correct
Asia/ EuropeRussia
98%
AsiaChina
96%
EuropeUnited Kingdom
96%
North AmericaUnited States of America
96%
EuropeGermany
95%
OceaniaAustralia
94%
North AmericaCanada
94%
EuropeSpain
93%
AsiaJapan
92%
North AmericaMexico
91%
EuropeSerbia
91%
EuropeAustria
90%
EuropePortugal
90%
EuropeFrance
89%
Asia/ EuropeTurkey
89%
South AmericaArgentina
88%
South AmericaBrazil
88%
EuropeGreece
88%
EuropeRomania
88%
EuropeSweden
88%
EuropeUkraine
88%
EuropeItaly
87%
EuropeBelgium
85%
EuropePoland
85%
EuropeBelarus
84%
AfricaEgypt
83%
EuropeFinland
83%
EuropeMacedonia
83%
EuropeNorway
83%
EuropeSlovakia
83%
EuropeDenmark
82%
AsiaIndia
82%
EuropeIreland
82%
AfricaSouth Africa
82%
AsiaSouth Korea
82%
Europethe Netherlands
82%
EuropeAlbania
81%
EuropeBosnia and Herzegovina
81%
EuropeCroatia
81%
EuropeCzech Republic
81%
EuropeSwitzerland
81%
AfricaAlgeria
79%
EuropeSlovenia
79%
AsiaArmenia
78%
EuropeHungary
77%
AsiaAzerbaijan
76%
AsiaIndonesia
76%
AsiaIran
76%
AsiaPakistan
73%
AsiaIraq
72%
AsiaGeorgia
71%
AsiaIsrael
71%
North AmericaCuba
70%
AfricaMorocco
70%
AsiaKazakhstan
69%
EuropeMoldova
69%
AsiaUnited Arab Emirates
69%
AsiaVietnam
68%
EuropeKosovo
67%
AsiaAfghanistan
66%
AfricaLibya
66%
EuropeCyprus
65%
AsiaMongolia
64%
AfricaNigeria
64%
AsiaQatar
62%
AsiaNorth Korea
61%
AfricaTunisia
60%
AfricaEthiopia
58%
AsiaUzbekistan
56%
EuropeVatican City
53%
AsiaKuwait
51%
AsiaLebanon
50%
AsiaJordan
49%
AsiaCambodia
47%
AsiaYemen
47%
AsiaPalestine
30%

Score Distribution

Percentile by Number Answered

Percent of People with Each Score

Your Score History

You have not taken this quiz